Chargement en cours...
Methods of statistical analysis
| Auteur principal: | |
|---|---|
| Format: | Printed Book |
| Langue: | Undetermined English |
| Publié: |
New Delhi
Sterling Publishers Pvt. Ltd
1990
|
| Sujets: |
| LEADER | 00710nam a2200229Ia 4500 | ||
|---|---|---|---|
| 008 | 140306s9999 xx 000 0 und d | ||
| 041 | |a eng | ||
| 082 | |a 519 |b GRE/ME | ||
| 100 | |a Grewal, P S | ||
| 245 | |a Methods of statistical analysis | ||
| 260 | |a New Delhi |b Sterling Publishers Pvt. Ltd |c 1990 | ||
| 300 | |a 1280 | ||
| 365 | |b Rs.350 | ||
| 650 | |a Central tendency | ||
| 650 | |a Index numbers | ||
| 650 | |a Linear regression | ||
| 650 | |a Probabiliry | ||
| 650 | |a Simple correlation | ||
| 650 | |a Statistical Estimation | ||
| 942 | |2 ddc |c BK | ||
| 999 | |c 181827 |d 181827 | ||
| 952 | |0 0 |1 0 |2 ddc |4 0 |6 519_000000000000000_GRE_ME |7 0 |9 187495 |a KAUCBV |b KAUCBV |g 350.00 |l 3 |o 519 GRE/ME |r 2019-04-30 |s 2019-04-30 |w 2014-03-22 |y BK | ||